000
00353 a2200169 4500
001
175191
020
_a
85-02-03189-9
040
_c
Magnum
100
_a
Villas Bôas, Newton
240
1
0
_a
Tópicos de física 2
_l
por
245
1
0
_a
Tópicos de física 2
300
_a
512
362
0
_a
2002
440
1
_a
Saraiva
697
_a
CALOR
942
_c
BK
999
_c
175191
_d
175191